The complete guide to human resources and the law / (Record no. 19302)
[ view plain ]
| 000 -LEADER | |
|---|---|
| fixed length control field | 00475cam a2200169 a 4500 |
| 020 ## - INTERNATIONAL STANDARD BOOK NUMBER | |
| ISBN | 0137595808 |
| 040 ## - CATALOGING SOURCE | |
| Transcribing agency | DLC |
| 082 00 - DEWEY DECIMAL CLASSIFICATION NUMBER | |
| Classification number | 344 SOK 1998 C162 Or. |
| 100 1# - MAIN ENTRY--AUTHOR NAME | |
| Personal name | Shilling, Dana |
| 245 14 - TITLE STATEMENT | |
| Title | The complete guide to human resources and the law / |
| 246 30 - VARYING FORM OF TITLE | |
| Title proper/short title | Human resources and the law |
| 260 ## - PUBLICATION, DISTRIBUTION, ETC. (IMPRINT) | |
| Place of publication | Paramus, NJ : |
| Name of publisher | Prentice Hall, |
| Year of publication | c1998 |
| 300 ## - PHYSICAL DESCRIPTION | |
| Number of Pages | xix, 628 p. ; |
| Dimensions | 24 cm |
| 650 #0 - SUBJECT ADDED ENTRY--TOPICAL TERM | |
| Topical Term | Labor laws and legislation |
| 650 #0 - SUBJECT ADDED ENTRY--TOPICAL TERM | |
| Topical Term | Personnel management |
| 942 ## - ADDED ENTRY ELEMENTS (KOHA) | |
| Koha item type | ADB |
| 952 ## - LOCATION AND ITEM INFORMATION (KOHA) | |
| Withdrawn status [LOCAL, KOHA] | 0 |
| Source of acquisition | Permanent Location | Date acquired | Koha item type | Lost status | Shelving location | Current Location | Full call number |
|---|---|---|---|---|---|---|---|
| A39677 | Library Block C | 2020-09-07 | សៀវភៅភាសាអង់គ្លេស | C162 | Library Block C | 344 SOK 1998 C162 Or. |